000 00354nam a22001457a 4500
999 _c260335
_d260334
003 OSt
005 20230713120149.0
008 230713b xxu||||| |||| 00| 0 eng d
020 _a9780545582889
040 _cN/A
100 _aJ.K.Rowling
245 _aHarry Potter and the Sorcerer's Stone
260 _aNew York
_bScholastic
_c1997
942 _2lcc
_cBK